Traité de science politique

Saved in:
Bibliographic Details
Main Author: Burdeau, Georges (Author)
Format: Book
Language:French
Published: París Libraire Generale de droit et de Jurisprudence 1949
Subjects:
Tags: Add Tag
No Tags, Be the first to tag this record!

MARC

LEADER 00000nam a2200000 a 4500
001 UCT6977
003 CL-VaPUC
008 970113e19490000FR |||||||||||||||||fre|d
082 0 4 |a 320  |b BUR  |2 21 
100 0 |a Burdeau, Georges  |e author  |9 377468 
245 1 0 |a Traité de science politique 
300 |a v 
942 |c BK 
945 |d 19970113 00:00:00  |a lriquelm 
260 |a París  |b Libraire Generale de droit et de Jurisprudence  |c 1949 
500 |a v.1: Le pouvoir politique 
500 |a v.2: L' etat 
500 |a v.3: Le statut du pouvoir dans l'etat 
500 |a v.4: Les régimes politiques 
500 |a v.5: L' etat liberal et les techniques politiques de la democratic gouvernee 
500 |a v.6: La démocratie gouvernante son assise sociale et sa philosophie politique 
500 |a v.7: La démocratie gouvernante ses structures gouvernementales 
650 0 |a Ciencia política  |9 324218 
650 0 |a Filosofía del derecho   |9 255050 
650 0 |a Ciencias sociales   |9 256351 
650 0 |a Partidos políticos  |9 254999 
650 7 |a CONSTITUCIONALIDAD  |2 CL-VaPUC  |9 255951 
650 7 |a SISTEMAS POLITICOS  |2 CL-VaPUC  |9 377469 
650 7 |a TEORIA POLITICA  |2 CL-VaPUC  |9 377470 
583 |a last modification  |c 20130926 06:21:36  |k Rodrigo Vera 
999 |c 255642  |d 255640 
952 |0 0  |1 0  |4 0  |6 320_000000000000000_BUR_1949  |7 0  |8 P  |9 277985  |a BIBDER  |b BIBDER  |d 2019-11-19  |h v.1  |i 1802429  |o 320 BUR 1949  |p 1802429  |r 2019-11-19  |w 2019-11-19  |y BK  |k DER 
952 |0 0  |1 0  |4 0  |6 320_000000000000000_BUR_1949  |7 0  |8 P  |9 277986  |a BIBDER  |b BIBDER  |d 2019-11-19  |h v.2  |i 187652K  |o 320 BUR 1949  |p 187652K  |r 2023-01-25  |w 2019-11-19  |y BK  |k DER 
952 |0 0  |1 0  |4 0  |6 320_000000000000000_BUR_1949  |7 0  |8 P  |9 277987  |a BIBDER  |b BIBDER  |d 2019-11-19  |h v.3  |i 1802437  |o 320 BUR 1949  |p 1802437  |r 2023-01-25  |w 2019-11-19  |y BK  |k DER 
952 |0 0  |1 0  |4 0  |6 320_000000000000000_BUR_1949  |7 0  |8 P  |9 277988  |a BIBDER  |b BIBDER  |d 2019-11-19  |h v.4  |i 1802445  |o 320 BUR 1949  |p 1802445  |r 2023-01-25  |w 2019-11-19  |y BK  |k DER 
952 |0 0  |1 0  |4 0  |6 320_000000000000000_BUR_1949  |7 0  |8 P  |9 277989  |a BIBDER  |b BIBDER  |d 2019-11-19  |h v.5  |i 1876740  |o 320 BUR 1949  |p 1876740  |r 2023-01-25  |w 2019-11-19  |y BK  |k DER 
952 |0 0  |1 0  |4 0  |6 320_000000000000000_BUR_1949  |7 0  |8 P  |9 277990  |a BIBDER  |b BIBDER  |d 2019-11-19  |h v.6  |i 1802453  |o 320 BUR 1949  |p 1802453  |r 2023-01-25  |w 2019-11-19  |y BK  |k DER 
952 |0 0  |1 0  |4 0  |6 320_000000000000000_BUR_1949  |7 0  |8 P  |9 277991  |a BIBDER  |b BIBDER  |d 2019-11-19  |h v.7  |i 1802461  |o 320 BUR 1949  |p 1802461  |r 2023-01-25  |w 2019-11-19  |y BK  |k DER